01862nam a2200349 a 4500001001200000003000800012006001900020007001500039008004100054010001700095020003900112020002700151040002100178035002100199043001200220050002700232082001500259100002000274245012800294260004700422300002500469504005100494505046700545533015201012651004801164651006401212651004901276655002901325710001701354856012601371999001501497ebr10699910CaPaEBRm o u cr cn|||||||||121007s2013 nyua sb 001 0 eng d z 2012041071 z9780801451287 (cloth : alk. paper) z9780801467530 (e-book) aCaPaEBRcCaPaEBR a(OCoLC)844164751 ae-li---14aDK505.935b.F75 2013eb04a947.932231 aFrick, David A.10aKith, kin, and neighborsh[electronic resource] :bcommunities and confessions in seventeenth-century Wilno /cDavid Frick. aIthaca :bCornell University Press,c2013. axxiv, 529 p. :bill. aIncludes bibliographical references and index.0 aOver the quartermaster's shoulder -- The neighbors -- One roof, four walls -- The bells of Wilno -- Speaking, writing, stereotyping -- Birth, baptism, godparenting -- Education and apprenticeship -- Courtship and marriage -- Marital discontents -- Guild house, workshop, guild altar -- Going to law : the language of litigation -- War, occupation, exile, liberation (1655-1661) -- Old age and poor relief -- Death in Wilno -- Epilogue : conflict and coexistence. aElectronic reproduction.bPalo Alto, Calif. :cebrary,d2013.nAvailable via World Wide Web.nAccess may be limited to ebrary affiliated libraries. 0aVilnius (Lithuania)xHistoryy17th century. 0aVilnius (Lithuania)xSocial life and customsy17th century. 0aVilnius (Lithuania)xReligiony17th century. 7aElectronic books.2local2 aebrary, Inc.40uhttp://site.ebrary.com/lib/rucke/Doc?id=10699910zAn electronic book accessible through the World Wide Web; click to view c6613d6613